[Event "Quebec-ch qual U1400"]
[Site "Montreal CAN"]
[Date "2005.10.09"]
[Round "3"]
[White "Nantel, Felix"]
[Black "Radovic, Miladin"]
[Result "1-0"]
[WhiteElo "1278"]
[BlackElo "1327"]
[PlyCount "51"]
[GameId "2160767910834498"]
[EventDate "2005.10.08"]
[EventType "swiss"]
[EventRounds "7"]
[EventCountry "CAN"]
[SourceTitle "EXT 2009"]
[Source "ChessBase"]
[SourceDate "2008.11.26"]
[SourceVersion "1"]
[SourceVersionDate "2008.11.26"]
[SourceQuality "1"]

1. e4 e6 2. Nf3 d5 3. exd5 exd5 4. d4 Nf6 5. Nc3 Bb4 6. Be3 O-O 7. g3 Ne4 8. Qd3 b6 9. Bg2 Ba6 10. Qd1 Nxc3 11. bxc3 Bxc3+ 12. Bd2 Re8+ 13. Ne5 Bxd4 14. Rb1 Rxe5+ 15. Be3 Bxe3 16. fxe3 Rxe3+ 17. Kf2 Re5 18. Re1 Qf6+ 19. Bf3 Bc4 20. Kg2 Bxa2 21. Ra1 Bc4 22. Ra4 c6 23. Rxe5 Qxe5 24. Rxc4 Qd6 25. Bxd5 Nd7 26. Bxf7+ 1-0

[Event "Quebec-ch qual U1400"]
[Site "Montreal CAN"]
[Date "2005.10.09"]
[Round "3"]
[White "Ouimet, Bruno"]
[Black "Lepine, Cedric"]
[Result "1-0"]
[WhiteElo "1347"]
[BlackElo "1248"]
[PlyCount "49"]
[GameId "2160767910834499"]
[EventDate "2005.10.08"]
[EventType "swiss"]
[EventRounds "7"]
[EventCountry "CAN"]
[SourceTitle "EXT 2009"]
[Source "ChessBase"]
[SourceDate "2008.11.26"]
[SourceVersion "1"]
[SourceVersionDate "2008.11.26"]
[SourceQuality "1"]

1. e4 e5 2. Nf3 d6 3. Bc4 Be6 4. Bxe6 fxe6 5. Qe2 Nd7 6. Qc4 Kf7 7. d4 h6 8. dxe5 Nxe5 9. Nxe5+ dxe5 10. Qb3 Bd6 11. Qxb7 Ne7 12. Nc3 Rf8 13. Qb5 Kg8 14. Qe2 Kh7 15. Be3 Nc6 16. Nb5 Qe7 17. Rd1 a6 18. Nxd6 cxd6 19. O-O Rac8 20. Qxa6 Rfd8 21. a3 Qh4 22. f3 d5 23. Bb6 Rf8 24. exd5 exd5 25. Qd3+ 1-0

[Event "Quebec-ch qual U1400a"]
[Site "Montreal CAN"]
[Date "2005.07.15"]
[Round "1"]
[White "Renaud, Denis"]
[Black "Molloy, Dick"]
[Result "0-1"]
[WhiteElo "1168"]
[BlackElo "1069"]
[PlyCount "50"]
[GameId "2160767910901243"]
[EventDate "2005.07.15"]
[EventType "swiss"]
[EventRounds "7"]
[EventCountry "CAN"]
[SourceTitle "EXT 2009"]
[Source "ChessBase"]
[SourceDate "2008.11.26"]
[SourceVersion "1"]
[SourceVersionDate "2008.11.26"]
[SourceQuality "1"]

1. d4 d5 2. c4 dxc4 3. e3 b6 4. Bxc4 Bb7 5. Nf3 e6 6. O-O Bd6 7. Nbd2 Nf6 8. Qc2 Nbd7 9. e4 e5 10. Qb3 O-O 11. Ng5 Qe7 12. dxe5 Bxe5 13. f3 h6 14. Nh3 Rfe8 15. Kh1 Bc8 16. Nf2 Qd6 17. Qa4 Bxh2 18. Nb3 a5 19. Rd1 Qe5 20. Nd3 Qh5 21. Nd2 Be5+ 22. Kg1 Qh2+ 23. Kf1 Qh1+ 24. Kf2 Bd4+ 25. Kg3 Nh5+ 0-1

[Event "Quebec-ch qual U1400a"]
[Site "Montreal CAN"]
[Date "2005.07.17"]
[Round "4"]
[White "Cristel, Robert"]
[Black "Lepine, Cedric"]
[Result "1-0"]
[WhiteElo "1220"]
[BlackElo "1171"]
[PlyCount "57"]
[GameId "2160767910901246"]
[EventDate "2005.07.15"]
[EventType "swiss"]
[EventRounds "7"]
[EventCountry "CAN"]
[SourceTitle "EXT 2009"]
[Source "ChessBase"]
[SourceDate "2008.11.26"]
[SourceVersion "1"]
[SourceVersionDate "2008.11.26"]
[SourceQuality "1"]

1. e4 e5 2. Nf3 Nc6 3. g3 Nf6 4. Bg2 Bc5 5. O-O d6 6. d3 Bg4 7. h3 Bh5 8. g4 Bg6 9. Nh4 Qd7 10. Kh2 h5 11. Nxg6 fxg6 12. g5 Nh7 13. h4 Rf8 14. f4 exf4 15. Bxf4 Bd4 16. Bh3 Qe7 17. Nc3 Bxc3 18. bxc3 Rf7 19. Qe2 Kf8 20. Rab1 Rb8 21. d4 Kg8 22. Bg3 Rxf1 23. Rxf1 Re8 24. Bg2 Nf8 25. Re1 Nd7 26. Qb5 Rb8 27. e5 dxe5 28. dxe5 a6 29. Qd5+ 1-0

[Event "Quebec-ch qual U1600"]
[Site "Montreal CAN"]
[Date "2005.10.08"]
[Round "1"]
[White "Bergeron, Roland"]
[Black "Deljanin, Dzavid"]
[Result "0-1"]
[WhiteElo "1566"]
[BlackElo "1452"]
[PlyCount "72"]
[GameId "2160767910834501"]
[EventDate "2005.10.08"]
[EventType "swiss"]
[EventRounds "3"]
[EventCountry "CAN"]
[SourceTitle "EXT 2009"]
[Source "ChessBase"]
[SourceDate "2008.11.26"]
[SourceVersion "1"]
[SourceVersionDate "2008.11.26"]
[SourceQuality "1"]

1. d4 d5 2. c4 e6 3. Nf3 Be7 4. Nc3 Nc6 5. cxd5 exd5 6. Bf4 a6 7. e3 Nf6 8. Bd3 Bg4 9. O-O b5 10. Rc1 Na5 11. Na4 c6 12. Nc5 Nh5 13. h3 Nxf4 14. exf4 Bxf3 15. Qxf3 Bf6 16. Rfe1+ Kf8 17. Qe3 g6 18. f5 Kg7 19. fxg6 hxg6 20. f4 Ra7 21. Kf1 Nc4 22. Qf2 Qd6 23. Bxc4 bxc4 24. b3 Rh4 25. g3 Rxh3 26. bxc4 g5 27. Kg2 Rh8 28. cxd5 Qxd5+ 29. Re4 Re7 30. Rce1 Rxe4 31. Rxe4 g4 32. Qe2 Qh5 33. Qe1 Qh2+ 34. Kf1 Rh3 35. Nd3 Qh1+ 36. Kf2 Qf3+ 0-1

[Event "Quebec-ch qual U1600"]
[Site "Montreal CAN"]
[Date "2005.10.08"]
[Round "1"]
[White "Girard, Jonathan"]
[Black "Roy, Myriam"]
[Result "1/2-1/2"]
[WhiteElo "1572"]
[BlackElo "1469"]
[PlyCount "45"]
[GameId "2160767910834502"]
[EventDate "2005.10.08"]
[EventType "swiss"]
[EventRounds "3"]
[EventCountry "CAN"]
[SourceTitle "EXT 2009"]
[Source "ChessBase"]
[SourceDate "2008.11.26"]
[SourceVersion "1"]
[SourceVersionDate "2008.11.26"]
[SourceQuality "1"]

1. c4 c5 2. Nc3 Nc6 3. g3 g6 4. Bg2 Bg7 5. Nf3 d6 6. O-O e5 7. d3 Nge7 8. Qd2 O-O 9. b3 f5 10. Bb2 Be6 11. Ng5 Bd7 12. Nb5 Nc8 13. Bd5+ Kh8 14. Nf7+ Rxf7 15. Bxf7 a6 16. Nc3 Nd4 17. Bd5 Rb8 18. e3 Nc6 19. f4 Nb6 20. Bg2 Be6 21. Ne2 Qd7 22. Rae1 Rd8 23. Kh1 1/2-1/2

[Event "Quebec-ch qual U1600"]
[Site "Montreal CAN"]
[Date "2005.10.08"]
[Round "1"]
[White "Jette, Stephane"]
[Black "Mok, Yuen Tak"]
[Result "0-1"]
[WhiteElo "1496"]
[BlackElo "1579"]
[PlyCount "100"]
[GameId "2160767910834503"]
[EventDate "2005.10.08"]
[EventType "swiss"]
[EventRounds "3"]
[EventCountry "CAN"]
[SourceTitle "EXT 2009"]
[Source "ChessBase"]
[SourceDate "2008.11.26"]
[SourceVersion "1"]
[SourceVersionDate "2008.11.26"]
[SourceQuality "1"]

1. Nf3 Nf6 2. g3 g6 3. Bg2 Bg7 4. d4 O-O 5. O-O d5 6. b3 c5 7. e3 b6 8. Bb2 Ba6 9. Re1 Nbd7 10. Nbd2 Rc8 11. Rc1 c4 12. c3 Bb7 13. Ba3 Re8 14. Bh3 Rc6 15. Bg2 cxb3 16. axb3 Qc7 17. Bb2 e5 18. dxe5 Nxe5 19. Nd4 Nd3 20. Nxc6 Bxc6 21. Qc2 Nxe1 22. Rxe1 Bb7 23. Ra1 a6 24. Bf1 b5 25. b4 Qc6 26. Bg2 Ne4 27. Nxe4 dxe4 28. Rd1 Rc8 29. Bh3 f5 30. Qb3+ Kh8 31. Bf1 g5 32. Qf7 Rf8 33. Qe7 Qf6 34. Qxb7 f4 35. exf4 gxf4 36. Qxe4 fxg3 37. Rd2 gxh2+ 38. Kxh2 Qh6+ 39. Kg2 Qxd2 40. Qe2 Qxe2 41. Bxe2 Rc8 42. Bf3 Rc7 43. Bd5 Bxc3 44. Bxc3+ Rxc3 45. Bb7 Ra3 46. f4 Kg7 47. Kf2 Kf6 48. Be4 h5 49. Bf3 h4 50. Kg2 Kf5 0-1

[Event "Quebec-ch qual U1600"]
[Site "Montreal CAN"]
[Date "2005.10.08"]
[Round "1"]
[White "Kalamba, Didier"]
[Black "Germain, Emile"]
[Result "0-1"]
[WhiteElo "1596"]
[BlackElo "1461"]
[PlyCount "77"]
[GameId "2160767910834504"]
[EventDate "2005.10.08"]
[EventType "swiss"]
[EventRounds "3"]
[EventCountry "CAN"]
[SourceTitle "EXT 2009"]
[Source "ChessBase"]
[SourceDate "2008.11.26"]
[SourceVersion "1"]
[SourceVersionDate "2008.11.26"]
[SourceQuality "1"]

1. d4 d5 2. c4 e6 3. Nc3 Bb4 4. Nf3 Nf6 5. Bg5 h6 6. Bh4 c5 7. e3 Qa5 8. Qc2 Ne4 9. Rc1 Bd7 10. Bd3 Ba4 11. Qb1 Nxc3 12. bxc3 Bxc3+ 13. Ke2 Nc6 14. cxd5 exd5 15. Qxb7 Rb8 16. Qa6 c4 17. Bxc4 dxc4 18. Qxa5 Bxa5 19. Rb1 O-O 20. Bg3 Rb5 21. Rxb5 Bxb5 22. Rb1 Ba6 23. d5 Nb4 24. Bd6 c3+ 25. Ke1 Nd3+ 26. Kd1 Rc8 27. Kc2 Nxf2 28. Rb8 Bd3+ 29. Kc1 Rxb8 30. Bxb8 Bb6 31. Nd4 Ng4 32. d6 Kf8 33. d7 Ke7 34. h3 Nxe3 35. Nc6+ Kxd7 36. Ne5+ Kc8 37. Bxa7 Bxa7 38. Nxd3 Nxg2 39. Kc2 0-1

[Event "Quebec-ch qual U1600"]
[Site "Montreal CAN"]
[Date "2005.10.08"]
[Round "1"]
[White "Kieu, Marc-Andre"]
[Black "Deschamps, Andre"]
[Result "1-0"]
[WhiteElo "1576"]
[BlackElo "1487"]
[PlyCount "75"]
[GameId "2160767910834505"]
[EventDate "2005.10.08"]
[EventType "swiss"]
[EventRounds "3"]
[EventCountry "CAN"]
[SourceTitle "EXT 2009"]
[Source "ChessBase"]
[SourceDate "2008.11.26"]
[SourceVersion "1"]
[SourceVersionDate "2008.11.26"]
[SourceQuality "1"]

1. e4 c5 2. Nf3 d6 3. d4 cxd4 4. Nxd4 Nf6 5. Nc3 g6 6. Be3 Bg7 7. f3 Nc6 8. Qd2 O-O 9. O-O-O Nxd4 10. Bxd4 Qa5 11. Kb1 Re8 12. g4 h5 13. g5 Nd7 14. Bxg7 Kxg7 15. Qd4+ Qe5 16. Qe3 Qc5 17. Qd2 Ne5 18. f4 Nc4 19. Bxc4 Qxc4 20. b3 Qb4 21. Rhf1 Bg4 22. Rde1 Rac8 23. Re3 Bd7 24. f5 a5 25. f6+ exf6 26. gxf6+ Kh7 27. Rd3 a4 28. Rff3 axb3 29. cxb3 Be6 30. Rd4 Qa5 31. Rxd6 b5 32. Rg3 Red8 33. Rxd8 Rxd8 34. Qc1 b4 35. Rg5 Qc7 36. Rxh5+ gxh5 37. Qg5 Rd1+ 38. Nxd1 1-0

[Event "Quebec-ch qual U1600"]
[Site "Montreal CAN"]
[Date "2005.10.08"]
[Round "1"]
[White "Legendre, Leonard"]
[Black "Muskat, Paul"]
[Result "1-0"]
[WhiteElo "1418"]
[BlackElo "1556"]
[PlyCount "97"]
[GameId "2160767910834506"]
[EventDate "2005.10.08"]
[EventType "swiss"]
[EventRounds "3"]
[EventCountry "CAN"]
[SourceTitle "EXT 2009"]
[Source "ChessBase"]
[SourceDate "2008.11.26"]
[SourceVersion "1"]
[SourceVersionDate "2008.11.26"]
[SourceQuality "1"]

1. d4 d5 2. e3 Bf5 3. c4 e6 4. Nf3 c5 5. Nc3 Nc6 6. cxd5 exd5 7. Qb3 cxd4 8. Nxd4 Nxd4 9. exd4 Nf6 10. Qxb7 Be7 11. Bb5+ Bd7 12. Bxd7+ Nxd7 13. Qxd5 O-O 14. O-O Bf6 15. Be3 Rb8 16. Rab1 Nb6 17. Qxd8 Rfxd8 18. Ne2 Nc4 19. b3 Nxe3 20. fxe3 Re8 21. Rf3 Bg5 22. Kf2 Re7 23. g3 Rbe8 24. Nf4 Rc7 25. Re1 Rec8 26. Re2 Rc2 27. a4 R8c3 28. e4 Rxf3+ 29. Kxf3 Rc3+ 30. Re3 Rc2 31. h4 Be7 32. Nd5 Kf8 33. Rc3 Rxc3+ 34. Nxc3 Bb4 35. Nb5 a6 36. Nc7 a5 37. e5 Bc3 38. Nb5 Bb2 39. Ke4 Ke7 40. d5 g6 41. d6+ Kd7 42. Kd5 h6 43. Nd4 Ba3 44. Nc6 g5 45. hxg5 hxg5 46. g4 Bc1 47. Nxa5 Bd2 48. Nc6 Bc3 49. b4 1-0

[Event "Quebec-ch qual U1600"]
[Site "Montreal CAN"]
[Date "2005.10.08"]
[Round "1"]
[White "Roy, Stephane"]
[Black "Perusse, Jacques"]
[Result "0-1"]
[WhiteElo "1469"]
[BlackElo "1566"]
[PlyCount "68"]
[GameId "2160767910834507"]
[EventDate "2005.10.08"]
[EventType "swiss"]
[EventRounds "3"]
[EventCountry "CAN"]
[SourceTitle "EXT 2009"]
[Source "ChessBase"]
[SourceDate "2008.11.26"]
[SourceVersion "1"]
[SourceVersionDate "2008.11.26"]
[SourceQuality "1"]

1. e4 d5 2. exd5 Nf6 3. Nf3 Nxd5 4. Bc4 Nc6 5. d3 Bg4 6. Be3 e6 7. Nbd2 Nxe3 8. fxe3 Ne5 9. Bb3 Bd6 10. O-O c6 11. Qe1 Qc7 12. Qh4 h5 13. Rac1 Ng6 14. Qf2 h4 15. h3 Bg3 16. Qe2 Bh5 17. Ne4 O-O-O 18. Nxg3 hxg3 19. Qd2 Ne7 20. e4 Qb6+ 21. d4 Bxf3 22. Rxf3 Rxd4 23. Qe3 Rh4 24. c3 Rhxe4 25. Qxd4 Rxd4 26. cxd4 Qxd4+ 27. Kf1 Nf5 28. Rcc3 Qd2 29. Rcd3 Qc1+ 30. Ke2 Qxb2+ 31. Kf1 Nd4 32. Rxg3 Qe2+ 33. Kg1 Qe1+ 34. Kh2 Ne2 0-1

[Event "Quebec-ch qual U1600"]
[Site "Montreal CAN"]
[Date "2005.10.08"]
[Round "2"]
[White "Bedard, Michel"]
[Black "Legendre, Leonard"]
[Result "0-1"]
[WhiteElo "1561"]
[BlackElo "1418"]
[PlyCount "84"]
[GameId "2160767910834508"]
[EventDate "2005.10.08"]
[EventType "swiss"]
[EventRounds "3"]
[EventCountry "CAN"]
[SourceTitle "EXT 2009"]
[Source "ChessBase"]
[SourceDate "2008.11.26"]
[SourceVersion "1"]
[SourceVersionDate "2008.11.26"]
[SourceQuality "1"]

1. d4 d5 2. c4 dxc4 3. Qa4+ Nc6 4. Nf3 Bd7 5. Qxc4 e6 6. Bd2 Nf6 7. Qc2 Bd6 8. e4 e5 9. d5 Nd4 10. Nxd4 exd4 11. Be2 O-O 12. O-O Ng4 13. Bxg4 Bxg4 14. f3 Bd7 15. f4 f6 16. Qc4 Qe7 17. Re1 b5 18. Qe2 Rae8 19. Qf3 c6 20. Qb3 Kh8 21. a3 Qf7 22. Bb4 c5 23. Bd2 Re7 24. Qf3 Rfe8 25. h3 Bf5 26. exf5 Rxe1+ 27. Bxe1 Rxe1+ 28. Kh2 Re3 29. Qf2 Qxd5 30. Nd2 Qxf5 31. Rf1 g5 32. Nf3 Bxf4+ 33. g3 Bd6 34. Qg2 Qe6 35. Rf2 h5 36. Kg1 d3 37. g4 h4 38. Qf1 c4 39. Nd4 Rg3+ 40. Rg2 Qe3+ 41. Qf2 Qxf2+ 42. Kxf2 Rxg2+ 0-1

[Event "Quebec-ch qual U1600"]
[Site "Montreal CAN"]
[Date "2005.10.08"]
[Round "2"]
[White "Chan, Charles"]
[Black "Bergeron, Roland"]
[Result "1-0"]
[WhiteElo "1473"]
[BlackElo "1566"]
[PlyCount "81"]
[GameId "2160767910834509"]
[EventDate "2005.10.08"]
[EventType "swiss"]
[EventRounds "3"]
[EventCountry "CAN"]
[SourceTitle "EXT 2009"]
[Source "ChessBase"]
[SourceDate "2008.11.26"]
[SourceVersion "1"]
[SourceVersionDate "2008.11.26"]
[SourceQuality "1"]

1. e4 c5 2. Nf3 d6 3. d4 cxd4 4. Nxd4 Nf6 5. Nc3 a6 6. Bc4 e6 7. Be3 Be7 8. Qe2 b5 9. Bb3 Bb7 10. f3 Nbd7 11. O-O-O O-O 12. g4 Rb8 13. Rhg1 Ne8 14. g5 g6 15. Bxe6 Ng7 16. Bb3 Nc5 17. h4 Nxb3+ 18. Nxb3 Qc7 19. Nd5 Bxd5 20. Rxd5 Rfd8 21. Qf2 Qc4 22. Rd4 Qc6 23. Rgd1 Ne6 24. R4d2 Qc4 25. Kb1 Nc7 26. Na5 Qe6 27. Nc6 Rd7 28. Nxe7+ Qxe7 29. Bd4 Qe6 30. Bc3 Ne8 31. Qd4 f6 32. gxf6 Rf7 33. Qb4 Qh3 34. e5 dxe5 35. Bxe5 Qxf3 36. Qb3 Qxb3 37. axb3 Nxf6 38. Rd8+ Rxd8 39. Rxd8+ Kg7 40. Rd6 a5 41. c4 1-0

[Event "Quebec-ch qual U1600"]
[Site "Montreal CAN"]
[Date "2005.10.08"]
[Round "2"]
[White "Deljanin, Dzavid"]
[Black "McNeil-Duval, Hugues"]
[Result "1-0"]
[WhiteElo "1452"]
[BlackElo "1519"]
[PlyCount "57"]
[GameId "2160767910834510"]
[EventDate "2005.10.08"]
[EventType "swiss"]
[EventRounds "3"]
[EventCountry "CAN"]
[SourceTitle "EXT 2009"]
[Source "ChessBase"]
[SourceDate "2008.11.26"]
[SourceVersion "1"]
[SourceVersionDate "2008.11.26"]
[SourceQuality "1"]

1. e4 e6 2. Be2 c5 3. Nf3 d5 4. Nc3 Nc6 5. O-O Nf6 6. exd5 exd5 7. Re1 Be7 8. d4 O-O 9. Bg5 Be6 10. a3 Rc8 11. Bb5 a6 12. Bxc6 bxc6 13. Ne5 cxd4 14. Qxd4 Qd6 15. Bh4 Bf5 16. Qa7 Rfe8 17. Bg3 Qc5 18. Qxa6 Bxc2 19. Rac1 Bf5 20. Ne4 Qb5 21. Qxb5 cxb5 22. Nc3 b4 23. Nb5 Be6 24. Nc6 bxa3 25. Nxe7+ Rxe7 26. Rxc8+ Bxc8 27. Rxe7 axb2 28. Na3 Bf5 29. Rb7 1-0

[Event "Quebec-ch qual U1600"]
[Site "Montreal CAN"]
[Date "2005.10.08"]
[Round "2"]
[White "Deschamps, Andre"]
[Black "Kalamba, Didier"]
[Result "0-1"]
[WhiteElo "1487"]
[BlackElo "1596"]
[PlyCount "69"]
[GameId "2160767910834511"]
[EventDate "2005.10.08"]
[EventType "swiss"]
[EventRounds "3"]
[EventCountry "CAN"]
[SourceTitle "EXT 2009"]
[Source "ChessBase"]
[SourceDate "2008.11.26"]
[SourceVersion "1"]
[SourceVersionDate "2008.11.26"]
[SourceQuality "1"]

1. d4 Nf6 2. c4 g6 3. Nc3 Bg7 4. e4 d6 5. f4 O-O 6. Nf3 c5 7. d5 e6 8. Be2 exd5 9. cxd5 Re8 10. Nd2 a6 11. a4 b6 12. Bf3 Bb7 13. O-O Qd7 14. h3 b5 15. axb5 axb5 16. Rxa8 Bxa8 17. Qb3 b4 18. Na4 Qa7 19. Kh1 Nbd7 20. Qc2 Bb7 21. b3 Ba6 22. Re1 Nxd5 23. Nc4 Bxc4 24. Qxc4 N5f6 25. Bb2 d5 26. Qc2 dxe4 27. Bxf6 Nxf6 28. Bxe4 Nxe4 29. Rxe4 Rxe4 30. Qxe4 Bd4 31. f5 Qb8 32. fxg6 hxg6 33. Qd5 Qg3 34. Nxc5 Qe1+ 35. Kh2 0-1

[Event "Quebec-ch qual U1600"]
[Site "Montreal CAN"]
[Date "2005.10.08"]
[Round "2"]
[White "Germain, Emile"]
[Black "Kieu, Marc-Andre"]
[Result "1-0"]
[WhiteElo "1461"]
[BlackElo "1576"]
[PlyCount "65"]
[GameId "2160767910834512"]
[EventDate "2005.10.08"]
[EventType "swiss"]
[EventRounds "3"]
[EventCountry "CAN"]
[SourceTitle "EXT 2009"]
[Source "ChessBase"]
[SourceDate "2008.11.26"]
[SourceVersion "1"]
[SourceVersionDate "2008.11.26"]
[SourceQuality "1"]

1. e4 e5 2. Nf3 Nc6 3. Bc4 Be7 4. Nc3 Nf6 5. Ng5 O-O 6. Bxf7+ Rxf7 7. Nxf7 Kxf7 8. d3 Bb4 9. O-O d6 10. Nd5 Nxd5 11. exd5 Ne7 12. f4 Bc5+ 13. Kh1 Kg8 14. c4 Nf5 15. fxe5 dxe5 16. Qh5 g6 17. Bg5 Qd6 18. Qf3 h6 19. Bd2 Qe7 20. Qe4 Bd7 21. g4 c6 22. gxf5 Bxf5 23. Qg2 Kg7 24. Rxf5 Kh7 25. Rf3 cxd5 26. Raf1 Qe6 27. Rf7+ Kg8 28. Bxh6 Be7 29. cxd5 Qd6 30. Rg7+ Kh8 31. Rxg6 Qd7 32. Bg7+ Kg8 33. Bf8+ 1-0

[Event "Quebec-ch qual U1600"]
[Site "Montreal CAN"]
[Date "2005.10.08"]
[Round "2"]
[White "Laurendeau, Alfred"]
[Black "Abran, David"]
[Result "1/2-1/2"]
[WhiteElo "1575"]
[BlackElo "1457"]
[PlyCount "83"]
[GameId "2160767910834513"]
[EventDate "2005.10.08"]
[EventType "swiss"]
[EventRounds "3"]
[EventCountry "CAN"]
[SourceTitle "EXT 2009"]
[Source "ChessBase"]
[SourceDate "2008.11.26"]
[SourceVersion "1"]
[SourceVersionDate "2008.11.26"]
[SourceQuality "1"]

1. d4 d5 2. Nf3 Nf6 3. e3 Bf5 4. Bd3 e6 5. O-O Nbd7 6. b3 Be7 7. Bb2 O-O 8. Bxf5 exf5 9. Nbd2 Ne4 10. c4 Ndf6 11. Ne5 Nxd2 12. Qxd2 Ne4 13. Qc2 Bg5 14. Nf3 Bh6 15. Rac1 Rc8 16. cxd5 Qxd5 17. Qc4 Qd6 18. Rc2 f4 19. exf4 Bxf4 20. Re1 Rfe8 21. Rce2 Nf6 22. Rxe8+ Rxe8 23. Rxe8+ Nxe8 24. g3 Bh6 25. Ne5 Qe7 26. Ba3 Nd6 27. Bxd6 cxd6 28. Qc8+ Qf8 29. Qxf8+ Kxf8 30. Nc4 Ke7 31. d5 g6 32. Kf1 Kd7 33. Ke2 Kc7 34. a4 b6 35. Kd3 a6 36. h3 Bg7 37. g4 b5 38. axb5 axb5 39. Ne3 Kb6 40. b4 Be5 41. Nc2 Kc7 42. Nd4 1/2-1/2

[Event "Quebec-ch qual U1600"]
[Site "Montreal CAN"]
[Date "2005.10.08"]
[Round "2"]
[White "Mok, Yuen Tak"]
[Black "Lefebvre, Gabriel"]
[Result "1-0"]
[WhiteElo "1579"]
[BlackElo "1509"]
[PlyCount "69"]
[GameId "2160767910834514"]
[EventDate "2005.10.08"]
[EventType "swiss"]
[EventRounds "3"]
[EventCountry "CAN"]
[SourceTitle "EXT 2009"]
[Source "ChessBase"]
[SourceDate "2008.11.26"]
[SourceVersion "1"]
[SourceVersionDate "2008.11.26"]
[SourceQuality "1"]

1. e4 c5 2. b3 Nc6 3. Bb2 d6 4. Nc3 Nf6 5. Bb5 g6 6. Nge2 Bg7 7. d3 O-O 8. O-O a6 9. Bxc6 bxc6 10. Qe1 d5 11. Na4 Qc7 12. Ng3 h5 13. e5 Ng4 14. f4 h4 15. h3 Nh6 16. Ne2 Nf5 17. Qf2 g5 18. Nxc5 gxf4 19. d4 Bh6 20. Nxf4 Ng3 21. Rfe1 Kh8 22. Bc1 Rg8 23. e6 f6 24. Nxd5 cxd5 25. Bxh6 Rg6 26. Bf4 Qb6 27. Qf3 Bb7 28. Bxg3 Rxg3 29. Qh5+ Kg7 30. Qf7+ Kh6 31. Qxe7 Rag8 32. Qxf6+ R8g6 33. Qh8+ Kg5 34. Re5+ Kf4 35. Rf1+ 1-0

[Event "Quebec-ch qual U1600"]
[Site "Montreal CAN"]
[Date "2005.10.08"]
[Round "2"]
[White "Morin-Duchesne, Alexi"]
[Black "Girard, Jonathan"]
[Result "1/2-1/2"]
[WhiteElo "1447"]
[BlackElo "1572"]
[PlyCount "90"]
[GameId "2160767910834515"]
[EventDate "2005.10.08"]
[EventType "swiss"]
[EventRounds "3"]
[EventCountry "CAN"]
[SourceTitle "EXT 2009"]
[Source "ChessBase"]
[SourceDate "2008.11.26"]
[SourceVersion "1"]
[SourceVersionDate "2008.11.26"]
[SourceQuality "1"]

1. e4 c6 2. d4 d5 3. exd5 cxd5 4. Bd3 Nf6 5. Bf4 Nc6 6. c3 Bg4 7. Qb3 Qb6 8. Qxb6 axb6 9. h3 Bh5 10. Na3 e6 11. Nb5 Kd7 12. g4 Bg6 13. Be2 Be7 14. Nf3 Ne4 15. O-O h5 16. g5 Bf5 17. h4 f6 18. Bd3 Nd2 19. Be2 Nxf3+ 20. Bxf3 Bd3 21. Nc7 Rac8 22. Rfd1 fxg5 23. Bxg5 Bxg5 24. hxg5 Bg6 25. Nb5 Rcf8 26. Bg2 Rf5 27. c4 dxc4 28. d5 Ne5 29. dxe6+ Ke7 30. Nd4 Rf4 31. Ne2 Rg4 32. Kh1 Rh4+ 33. Kg1 Rg4 34. f4 Be4 35. Nc3 Bxg2 36. fxe5 Bf3+ 37. Kh2 Bxd1 38. Rxd1 Kxe6 39. Rd6+ Kxe5 40. Rxb6 Rd8 41. Rxb7 Rd2+ 42. Kh1 Rxg5 43. Rb5+ Kf4 44. Rxg5 Rxb2 45. Rg2 Rb7 1/2-1/2

[Event "Quebec-ch qual U1600"]
[Site "Montreal CAN"]
[Date "2005.10.08"]
[Round "2"]
[White "Muskat, Paul"]
[Black "Hebert, Pierre"]
[Result "0-1"]
[WhiteElo "1556"]
[BlackElo "1447"]
[PlyCount "76"]
[GameId "2160767910834516"]
[EventDate "2005.10.08"]
[EventType "swiss"]
[EventRounds "3"]
[EventCountry "CAN"]
[SourceTitle "EXT 2009"]
[Source "ChessBase"]
[SourceDate "2008.11.26"]
[SourceVersion "1"]
[SourceVersionDate "2008.11.26"]
[SourceQuality "1"]

1. e4 c5 2. d4 cxd4 3. c3 dxc3 4. Nxc3 Nc6 5. Nf3 d6 6. Bc4 e6 7. O-O Nf6 8. Qe2 Be7 9. Rd1 e5 10. Bg5 O-O 11. Rac1 Bg4 12. Be3 Rc8 13. Bb3 Na5 14. Bc2 Nc4 15. Bb1 Nxe3 16. Qxe3 b6 17. h3 Be6 18. Nxe5 Nd7 19. Nxd7 Qxd7 20. e5 Rcd8 21. Qd3 g6 22. exd6 Qxd6 23. Qe3 Qb8 24. Re1 Bc5 25. Qh6 Bd4 26. Re4 Bg7 27. Qe3 Bf5 28. Rc4 Rfe8 29. Qf3 Bxb1 30. Nxb1 Bxb2 31. Rc7 Re1+ 32. Kh2 Re7 33. g3 Rxc7 34. Re1 Rcd7 35. Qb3 Bd4 36. Qf3 Bc5 37. Nc3 Rd3 38. Qf6 Bxf2 0-1

[Event "Quebec-ch qual U1600"]
[Site "Montreal CAN"]
[Date "2005.10.08"]
[Round "2"]
[White "Perusse, Jacques"]
[Black "Belanger, Martin"]
[Result "0-1"]
[WhiteElo "1568"]
[BlackElo "1319"]
[PlyCount "90"]
[GameId "2160767910834517"]
[EventDate "2005.10.08"]
[EventType "swiss"]
[EventRounds "3"]
[EventCountry "CAN"]
[SourceTitle "EXT 2009"]
[Source "ChessBase"]
[SourceDate "2008.11.26"]
[SourceVersion "1"]
[SourceVersionDate "2008.11.26"]
[SourceQuality "1"]

1. Nf3 Nc6 2. c4 e5 3. Nc3 Nf6 4. d3 Be7 5. a3 O-O 6. b4 a6 7. b5 axb5 8. cxb5 Nd4 9. Nxe5 d6 10. Nc4 c6 11. bxc6 bxc6 12. e3 Nf5 13. Be2 d5 14. Ne5 Qc7 15. d4 c5 16. g4 cxd4 17. Nb5 Qxe5 18. exd4 Qe4 19. f3 Ne3 20. fxe4 Nxd1 21. e5 Ne4 22. Bxd1 Bh4+ 23. Kf1 Ba6 24. Be2 Bxb5 25. Bxb5 Rfc8 26. Bd3 Nf2 27. Bf5 Nxh1 28. Bxc8 Rxc8 29. Be3 Rc2 30. g5 Rxh2 31. Kg1 Rh3 32. Rc1 g6 33. Rc8+ Kg7 34. Bf4 Nf2 35. e6 fxe6 36. Be5+ Kf7 37. Rc7+ Ke8 38. Rc8+ Kd7 39. Rc7+ Kd8 40. Rxh7 Ng4 41. Ra7 Nxe5 42. dxe5 Bxg5 43. a4 Be3+ 44. Kg2 Bxa7 45. Kxh3 Bd4 0-1